| 000 | 01069nam a22002537a 4500 | ||
|---|---|---|---|
| 005 | 20170124103029.0 | ||
| 010 | _aA-665495 | ||
| 020 |
_c125.00 _a817145237 |
||
| 035 | _aA-665495 | ||
| 037 | _bCen Lib/Ret | ||
| 040 |
_aDPL _bHN |
||
| 082 |
_aउ _bवंद्यो |
||
| 100 |
_aवंद्योपाध्याय, ताराशंकर _963276 |
||
| 245 |
_aकाला फूल / _cताराशंकर वंद्योपाध्याय |
||
| 246 |
_aKaala phool / _bby Tarashankar Vandhopadhyay |
||
| 260 |
_aदिल्ली _bसन्मार्ग प्रकाशन _c1993 |
||
| 270 |
_bदिल्ली _a16, यू.बी.बैंगलो रोड, जवाहर नगर _e110007 |
||
| 300 |
_a222पृ. _c21सेमी (सजिल्द) |
||
| 650 |
_aहिन्दी -- साहित्य _963277 |
||
| 650 |
_aहिन्दी -- उपन्यास _963278 |
||
| 650 |
_aHindi -- Literature _963279 |
||
| 650 |
_aHindi -- Fiction _927248 |
||
| 942 |
_2ddc _cHN _hउ _mवंद्यो |
||
| 999 |
_c115795 _d115795 |
||